Normal view MARC view
  • Metal-work

Entry Topical Term

Number of records used in: 14

001 - CONTROL NUMBER

  • control field: 34700

003 - CONTROL NUMBER IDENTIFIER

  • control field: NUST

005 - DATE AND TIME OF LATEST TRANSACTION

  • control field: 20201028155530.0

008 - FIXED-LENGTH DATA ELEMENTS

  • fixed length control field: 201028|| aca||aabn | a|a d

040 ## - CATALOGING SOURCE

  • Original cataloging agency: NUST
  • Transcribing agency: NUST

150 ## - HEADING--TOPICAL TERM

  • Topical term or geographic name entry element: Metal-work

670 ## - SOURCE DATA FOUND

  • Source citation: Work cat.: (NUST)0: Neely, John & Dalton, William K. 1920- 34699, Modern materials and manufacturing processes /, 2015.
© 2023 Central Library, National University of Sciences and Technology. All Rights Reserved.